000 00460nam a2200181Ia 4500
003 OSt
005 20260116104702.0
008 210210b1951 xxu||||| |||| 00| 0 eng d
040 _cAL
041 _aKannada
082 _a859/851
100 _aDEVUDU
_9115255
_dದೇವುಡು.
245 _aMahabrahmana
_bಮಹಾಬ್ರಾಹ್ಮಣ
260 _aBengaluru
_b-
_c1951
690 _aKannada Fiction
_9115256
906 _a021611
942 _2ddc
_cBK
999 _c145699
_d145699